<?xml version="1.0" encoding="UTF-8"?>
<record
    xmlns:xsi="http://www.w3.org/2001/XMLSchema-instance"
    xsi:schemaLocation="http://www.loc.gov/MARC21/slim http://www.loc.gov/standards/marcxml/schema/MARC21slim.xsd"
    xmlns="http://www.loc.gov/MARC21/slim">

  <leader>00777nam a22001937a 4500</leader>
  <controlfield tag="003">AUA.1</controlfield>
  <controlfield tag="005">20180828123235.0</controlfield>
  <controlfield tag="008">111208t        xxu||||| |||| 00| 0 eng d</controlfield>
  <datafield tag="020" ind1=" " ind2=" ">
    <subfield code="a">1889638-47-1</subfield>
  </datafield>
  <datafield tag="040" ind1=" " ind2=" ">
    <subfield code="c">Y</subfield>
  </datafield>
  <datafield tag="050" ind1=" " ind2=" ">
    <subfield code="a">BV 652.25</subfield>
    <subfield code="b">.S37 2005</subfield>
  </datafield>
  <datafield tag="100" ind1=" " ind2=" ">
    <subfield code="a">Christian A. Schwarz</subfield>
    <subfield code="9">17180</subfield>
  </datafield>
  <datafield tag="245" ind1=" " ind2=" ">
    <subfield code="a">Color your world with natural church development :</subfield>
    <subfield code="b">Experiencing all tha God has designed you to be /</subfield>
    <subfield code="c">Christian A. Schwarz.</subfield>
  </datafield>
  <datafield tag="260" ind1=" " ind2=" ">
    <subfield code="a">USA. :</subfield>
    <subfield code="b">ChurchSmart Resources,</subfield>
    <subfield code="c">2005.</subfield>
  </datafield>
  <datafield tag="300" ind1=" " ind2=" ">
    <subfield code="a">191 p. :</subfield>
    <subfield code="c">24 cm.</subfield>
  </datafield>
  <datafield tag="500" ind1=" " ind2=" ">
    <subfield code="a">Appendix</subfield>
  </datafield>
  <datafield tag="650" ind1=" " ind2=" ">
    <subfield code="a">Color your world with natural church development:</subfield>
    <subfield code="v">Experiencing all tha God has designed you to be/</subfield>
    <subfield code="x">God has designed you</subfield>
    <subfield code="y">natural church development:</subfield>
    <subfield code="9">17181</subfield>
  </datafield>
  <datafield tag="942" ind1=" " ind2=" ">
    <subfield code="2">lcc</subfield>
    <subfield code="c">BOOK</subfield>
    <subfield code="h">BV 652.25</subfield>
    <subfield code="i">.S37 2005</subfield>
  </datafield>
  <datafield tag="999" ind1=" " ind2=" ">
    <subfield code="c">4857</subfield>
    <subfield code="d">4857</subfield>
  </datafield>
  <datafield tag="952" ind1=" " ind2=" ">
    <subfield code="0">0</subfield>
    <subfield code="1">0</subfield>
    <subfield code="2">lcc</subfield>
    <subfield code="4">0</subfield>
    <subfield code="7">0</subfield>
    <subfield code="8">Books</subfield>
    <subfield code="a">AUA.1</subfield>
    <subfield code="b">AUA.1</subfield>
    <subfield code="c">GS</subfield>
    <subfield code="d">2011-12-08</subfield>
    <subfield code="e">Donation, Biblical Research Institute</subfield>
    <subfield code="g">10.00</subfield>
    <subfield code="h">AUA005624</subfield>
    <subfield code="l">2</subfield>
    <subfield code="o">BV 652.25 .S37 2005</subfield>
    <subfield code="p">AUA005624</subfield>
    <subfield code="r">2022-03-24 00:00:00</subfield>
    <subfield code="s">2022-03-23</subfield>
    <subfield code="v">10.00</subfield>
    <subfield code="w">2011-12-08</subfield>
    <subfield code="y">BOOK</subfield>
  </datafield>
  <datafield tag="952" ind1=" " ind2=" ">
    <subfield code="0">0</subfield>
    <subfield code="1">0</subfield>
    <subfield code="2">lcc</subfield>
    <subfield code="4">0</subfield>
    <subfield code="7">0</subfield>
    <subfield code="8">Books</subfield>
    <subfield code="a">AUA.1</subfield>
    <subfield code="b">AUA.1</subfield>
    <subfield code="c">GS</subfield>
    <subfield code="d">2011-12-08</subfield>
    <subfield code="e">Donation, Biblical Research Institute</subfield>
    <subfield code="g">10.00</subfield>
    <subfield code="h">AUA005625</subfield>
    <subfield code="l">2</subfield>
    <subfield code="o">BV 652.25 .S37 2005</subfield>
    <subfield code="p">AUA005625</subfield>
    <subfield code="r">2019-10-24 00:00:00</subfield>
    <subfield code="s">2019-10-21</subfield>
    <subfield code="t">2</subfield>
    <subfield code="v">10.00</subfield>
    <subfield code="w">2011-12-08</subfield>
    <subfield code="y">BOOK</subfield>
  </datafield>
  <datafield tag="952" ind1=" " ind2=" ">
    <subfield code="0">0</subfield>
    <subfield code="1">0</subfield>
    <subfield code="2">lcc</subfield>
    <subfield code="4">0</subfield>
    <subfield code="7">0</subfield>
    <subfield code="8">Books</subfield>
    <subfield code="a">AUA.1</subfield>
    <subfield code="b">AUA.1</subfield>
    <subfield code="c">GS</subfield>
    <subfield code="d">2023-10-30</subfield>
    <subfield code="e">Donation, Theological Book Network</subfield>
    <subfield code="g">15.00</subfield>
    <subfield code="h">AUA26783</subfield>
    <subfield code="l">1</subfield>
    <subfield code="o">BV 652.25 .S37 2005</subfield>
    <subfield code="p">AUA26783</subfield>
    <subfield code="r">2024-09-08 08:15:34</subfield>
    <subfield code="s">2024-09-06</subfield>
    <subfield code="t">3</subfield>
    <subfield code="v">15.00</subfield>
    <subfield code="w">2023-10-30</subfield>
    <subfield code="y">BOOK</subfield>
  </datafield>
</record>
